Detalles MARC
| 000 -LEADER |
| fixed length control field |
01435 am a2200277 a 4500 |
| 005 - FECHA ULTIMA MODIFICACION |
| control field |
20240221115800.0 |
| 008 - CAMPO DE CONTROL (LIBRO) |
| fixed length control field |
100330s1993||||ag ||||||l s||||||spa d |
| 020 ## - INTERNATIONAL STANDARD BOOK NUMBER |
| ISBN |
S/N |
| 041 ## - CODIGO DE IDIOMA |
| Código de idioma del texto/pista de sonido o título separado |
spa |
| 092 ## - SIGNATURA TOPOGRAFICA DEWEY LOCAL |
| número de clasificación |
618.2 |
| libristica |
68 |
| sección |
PRO |
| 110 1# - ENTRADA PRINCIPAL-AUTOR CORPORATIVO |
| Nombre de la institución, jurisdicción como entrada principal |
Argentina. Ministerio de Salud y Acción Social de la Nación. |
| Unidad subordinada |
Dirección de Maternidad e Infancia |
| 9 (RLIN) |
1077 |
| 245 ## - TITULO PROPIAMENTE DICHO |
| Título |
Propuesta Normativa Perinatal. |
| Subtítulo y Título paralelo |
T.1 Atención del embarazo normal, parto de bajo riesgo y atención inmediata del recién nacido / |
| Mención de responsabilidad y remanente de la transcripción de la portada |
Ministerio de Salud y Acción Social de la Nación. |
| 250 ## - MENCION DE EDICION |
| Mención de edición |
1a ed. |
| 260 ## - PIE DE IMPRENTA |
| Lugar de publicación, distribución, etc |
Buenos Aires: |
| Nombre de la editorial, distribuidor, etc |
Ministerio de Salud y Acción Social de la Nación; |
| Fecha de publicación |
1993. |
| 300 ## - DESCRIPCION FISICA |
| Extension |
199 p. |
| Otros detalles físicos |
il. |
| 500 ## - NOTA GENERAL |
| Nota general |
Argentina. Ministerio de Salud y Acción Social de la Nación. Dirección de Maternidad e Infancia. (1993). Propuesta Normativa Perinatal. T.1 Atención del embarazo normal, parto de bajo riesgo y atención inmediata del recién nacido. (1a ed.). Buenos Aires : Ministerio de Salud y Acción Social de la Nación. |
| 653 ## - TÉRMINO INDIZADO - PALABRAS CLAVES |
| Palabra clave |
Proceso de normatización |
| 653 ## - TÉRMINO INDIZADO - PALABRAS CLAVES |
| Palabra clave |
Propuesta normativa sobre atención del parto de bajo riesgo |
| 653 ## - TÉRMINO INDIZADO - PALABRAS CLAVES |
| Palabra clave |
Propuesta normativa atención inmediata del recién nacido |
| 653 ## - TÉRMINO INDIZADO - PALABRAS CLAVES |
| Palabra clave |
Normas de bioseguridad |
| 653 ## - TÉRMINO INDIZADO - PALABRAS CLAVES |
| Palabra clave |
Toma de decisiones en base al sistema informático perinatal |
| 653 ## - TÉRMINO INDIZADO - PALABRAS CLAVES |
| Palabra clave |
Organización de servicios de perinatología |
| 930 ## - NUMERO DE INVENTARIO |
| Número de inventario |
1273 |
| 930 ## - NUMERO DE INVENTARIO |
| Número de inventario |
393 |
| 942 ## - ADDED ENTRY ELEMENTS (KOHA) |
| Source of classification or shelving scheme |
Dewey Decimal Classification |
| Item type |
Libros |